000 00398nam a2200157Ia 4500
008 210716s1993 xx 000 0 und d
020 _a876927789
041 _aeng
082 _a005.453 HOLA
100 _aHolub, Allen I.
245 _aCompiler design in c.
250 _a1
260 _aNew Delhi
_bPrentice Hall of India PVt Ltd
_c1993
300 _axviii,924
650 _aCompilers(005.453)
999 _c182430
_d182430